[Event "Moscow op-A"]
[Site "Moscow"]
[Date "2009.02.07"]
[Round "8"]
[White "Ajrapetjan, Yuriy"]
[Black "Andreikin, Dmitry"]
[Result "0-1"]
[WhiteElo "2490"]
[BlackElo "2614"]
[PlyCount "68"]
[EventDate "2009.01.31"]
[EventType "swiss"]
[EventRounds "9"]
[EventCountry "RUS"]
[SourceTitle "CBM 128 Extra"]
[Source "ChessBase"]
[SourceDate "2009.03.05"]
[SourceVersion "2"]
[SourceVersionDate "2009.03.25"]
[SourceQuality "1"]

1. Nf3 c5 2. c4 Nc6 3. g3 g6 4. Bg2 Bg7 5. 0-0 Nh6 6. Nc3 Nf5 7. b3 e6 8. Bb2 d5 9. cxd5 exd5 10. Rc1 0-0 11. Ne1 Nfe7 12. Nd3 b6 13. Nf4 d4 14. Ncd5 Nxd5 15. Bxd5 Bd7 16. a3 Rc8 17. b4 cxb4 18. Qb3 a5 19. Qf3 Qf6 20. Ba2 a4 21. Qd5 Rfd8 22. Qb5 b3 23. Bb1 Ne5 24. Qb4 Bf8 25. Nd5 Qe6 26. Qxd4 Bg7 27. Qe4 Nf3+ 28. exf3 Bxb2 29. Qxe6 Bxe6 30. Ne7+ Kg7 31. Nxc8 Bxc1 32. Rxc1 Rxc8 33. Rc3 Rxc3 34. dxc3 Bf5 0-1

[Event "Moscow op-A"]
[Site "Moscow"]
[Date "2009.02.01"]
[Round "2"]
[White "Ajrapetjan, Yuriy"]
[Black "Rakhimgaliyev, Yerlan"]
[Result "1-0"]
[WhiteElo "2490"]
[BlackElo "2272"]
[PlyCount "77"]
[EventDate "2009.01.31"]
[EventType "swiss"]
[EventRounds "9"]
[EventCountry "RUS"]
[SourceTitle "CBM 128 Extra"]
[Source "ChessBase"]
[SourceDate "2009.03.05"]
[SourceVersion "2"]
[SourceVersionDate "2009.03.25"]
[SourceQuality "1"]

1. d4 Nf6 2. c4 g6 3. Nc3 Bg7 4. e4 d6 5. Nge2 0-0 6. Ng3 e5 7. d5 c6 8. Be2 a5 9. 0-0 Na6 10. Be3 h5 11. Bg5 Qc7 12. Qd2 Nh7 13. Be3 h4 14. Nh1 f5 15. exf5 gxf5 16. f4 Bd7 17. dxc6 Bxc6 18. Nb5 Qe7 19. Rae1 Kh8 20. Bf3 e4 21. Be2 Bxb5 22. cxb5 Nc5 23. Rd1 Rfd8 24. Qd5 Qe6 25. Qxe6 Nxe6 26. Bc4 Nc7 27. b6 Ne8 28. Rd2 Nhf6 29. Nf2 a4 30. Be6 Ra5 31. Rc1 d5 32. Bd4 Nd6 33. Nh3 Nc4 34. Ng5 Re8 35. Rdd1 Ng4 36. Bxg7+ Kxg7 37. Rxc4 Rxe6 38. Nxe6+ Kf6 39. Rc5 1-0

[Event "Moscow op-A"]
[Site "Moscow"]
[Date "2009.01.31"]
[Round "1"]
[White "Sharafiev, Azat"]
[Black "Ajrapetjan, Yuriy"]
[Result "0-1"]
[WhiteElo "2421"]
[BlackElo "2490"]
[PlyCount "70"]
[EventDate "2009.01.31"]
[EventType "swiss"]
[EventRounds "9"]
[EventCountry "RUS"]
[SourceTitle "EXT 2022"]
[Source "ChessBase"]
[SourceDate "2021.10.06"]
[SourceVersion "1"]
[SourceVersionDate "2021.10.06"]
[SourceQuality "1"]

1. e4 e5 2. Nf3 Nc6 3. Bb5 a6 4. Ba4 Nf6 5. 0-0 Be7 6. Re1 b5 7. Bb3 d6 8. c3 0-0 9. d4 Bg4 10. Be3 Qc8 11. Nbd2 Na5 12. Bc2 Rd8 13. h3 Bh5 14. b4 exd4 15. cxd4 Nc4 16. Nxc4 bxc4 17. d5 c6 18. Bb6 Rd7 19. g4 Rb7 20. gxh5 Rxb6 21. Nd4 Qxh3 22. Nxc6 Rxc6 23. Re3 Qh4 24. dxc6 Ng4 25. Rf3 Bf6 26. Rc1 Qh2+ 27. Kf1 Ne5 28. Rg3 Bh4 29. c7 Bxg3 30. fxg3 Rc8 31. Qd4 Ng4 32. Bd1 Qh1+ 33. Qg1 Ne3+ 34. Kf2 Qxe4 35. Be2 Qc6 0-1